书目信息 |
| 题名: |
何处有香丘
|
|
| 作者: | 亚比煞 著 | |
| 分册: | ||
| 出版信息: | 武汉 华中科技大学出版社 2018 |
|
| 页数: | 226页 | |
| 开本: | 21cm | |
| 丛书名: | ||
| 单 册: | ||
| 中图分类: | TQ65 , I207.411 | |
| 科图分类: | ||
| 主题词: | 香料--xiang liao--文化--中国 , 《红楼梦》研究--《hong lou meng》yan jiu--香料 | |
| 电子资源: | ||
| ISBN: | 978-7-5680-3809-6 | |
| 000 | 01326nam0 2200301 45 | |
| 001 | 012001002611 | |
| 005 | 20140101174728.0 | |
| 010 | @a978-7-5680-3809-6@dCNY39.00 | |
| 092 | @aCN@bREADER-54947 | |
| 099 | @aCAL 012018079407 | |
| 100 | @a20180625d2018 em y0chiy50 ea | |
| 101 | 0 | @achi |
| 102 | @aCN@b420000 | |
| 105 | @aa z 000yy | |
| 106 | @ar | |
| 200 | 1 | @a何处有香丘@Ahe chu you xiang qiu@e红楼谈香录@f亚比煞著 |
| 210 | @a武汉@c华中科技大学出版社@d2018 | |
| 215 | @a226页@c彩图@d21cm | |
| 314 | @a亚比煞自幼酷爱读书, 尤爱《圣经》与《红楼梦》。愿以书为火, 行过世间幽暗。做过记者, 当过编导, 时常迁徙, 在中国大多数城市居住过。 | |
| 330 | @a一部红楼梦里, 处处可见用香的影子。从冷香丸, 到茉莉香粉, 从黛玉做的香囊, 到北静王送给宝玉的香念珠, 从吃的, 到化妆品, 从服装, 到礼物, 香气始终贯穿着红楼梦, 成为它精神气质的重要部分。但令人遗憾的是, 香作为风雅之首, 一度被人忽视甚至忘却, 这与历经千年风雨的香文化其去弥远。为此, 作者翻阅大量历史文献和相关资料, 以一支沾染香气之笔, 著成这本《何处有香丘》。 | |
| 517 | 1 | @a红楼谈香录@Ahong lou tan xiang lu |
| 606 | 0 | @a香料@Axiang liao@x文化@y中国 |
| 606 | 0 | @a《红楼梦》研究@A《hong lou meng》yan jiu@x香料 |
| 690 | @aTQ65@v5 | |
| 690 | @aI207.411@v5 | |
| 701 | 0 | @a亚比煞@Aya bi sha@4著 |
| 801 | 0 | @aCN@b北京卓展@c20191020 |
| 905 | @b1204062-5@dTQ65@e80@f4 | |
| 何处有香丘:红楼谈香录/亚比煞著.-武汉:华中科技大学出版社,2018 |
| 226页:彩图;21cm |
| ISBN 978-7-5680-3809-6:CNY39.00 |
| 一部红楼梦里, 处处可见用香的影子。从冷香丸, 到茉莉香粉, 从黛玉做的香囊, 到北静王送给宝玉的香念珠, 从吃的, 到化妆品, 从服装, 到礼物, 香气始终贯穿着红楼梦, 成为它精神气质的重要部分。但令人遗憾的是, 香作为风雅之首, 一度被人忽视甚至忘却, 这与历经千年风雨的香文化其去弥远。为此, 作者翻阅大量历史文献和相关资料, 以一支沾染香气之笔, 著成这本《何处有香丘》。 |
| ● |
| 相关链接 |
|
|
|
|
正题名:何处有香丘
索取号:TQ65/80
 
预约/预借
| 序号 | 登录号 | 条形码 | 馆藏地/架位号 | 状态 | 备注 |
| 1 | 1204062 | 212040628 | 第二样本阅览室/ [索取号:TQ65/80] | 在馆 | |
| 2 | 1204063 | 212040637 | 第三借阅区/ [索取号:TQ65/80] | 在馆 | |
| 3 | 1204064 | 212040646 | 第三借阅区/ [索取号:TQ65/80] | 在馆 | |
| 4 | 1204065 | 212040655 | 第三借阅区/ [索取号:TQ65/80] | 在馆 |